| 000 | 00879nam0a22002651 4500 | ||
|---|---|---|---|
| 001 | v19\rc\1835645 | ||
| 005 | 20250619141748.0 | ||
| 035 | _a(NLR Aleph) 004930233 | ||
| 090 |
_a5671757 _c5671757 |
||
| 100 | _a20071224d1909 |||y0rusy50 ca | ||
| 101 | 1 |
_arus _cjpn |
|
| 102 | _aRU | ||
| 105 | _aa z ||||| | ||
| 200 | 1 |
_aОтчего я так красива и молода? _e(Откровение японки) _fИоначивара Масакадо _gПер. с яп. А. Фуджи |
|
| 210 |
_aСанкт-Петербург _cт-во "Ниппон" _d[1909] |
||
| 215 |
_a32 с. _cил. |
||
| 700 | 1 |
_aМасакадо _bИ. _gИоначивара |
|
| 702 | 1 |
_aФуджи _bА. _4730 |
|
| 801 | 0 |
_aRU _bNLR _gpsbo |
|
| 801 | 0 |
_aRU _bRuMoRGB _2psbo |
|
| 801 | 1 |
_aRU _bProSoft-M _2rusmarc |
|
| 852 |
_aNLR _j34.50.8.69 |
||
| 899 |
_aRuMoRGB _jV 441/1208 |
||
| 942 | _cBOOK | ||
| 980 | _aNB | ||